000
00518nam a2200169Ia 4500
008
090711s9999 xx 000 0 und d
082
_b
48442
100
_a
कुलकर्णी अरुणा
245
_a
जगावेगळे दान
260
_c
1979
300
_a
120
600
_a
कुलकर्णी अरुणा
630
_a
जगावेगळे दान
700
_a
कुलकर्णी अरुणा
730
_a
जगावेगळे दान
942
_c
BOOK
999
_c
299878
_d
299878